000 00692nam a2200289Ia 4500
005 20260324134356.0
008 008 260324s9999 xx 000 0 eng d
020 _a9780203217092
037 _aEBOOK
040 _aCRL
040 _beng
040 _cCRL
041 _2eng
041 _aeng
084 _qCRL
100 _aJan Zielonka
_91196581
245 0 _aEurope Unbound
245 0 _bEnlarging and Reshaping the Boundaries of the European Union
260 _bTaylor and Francis
260 _c2002
365 _a
365 _b290
856 _uhttp://www.taylorfrancis.com/books/9780203217092
942 _cEBOOK
999 _c1796617
_d1796617